00701nam a2200217 a 450000100060000000300090000600800410001502000150005604000280007108200090009910000230010824500220013126000450015330000100019859000490020865000270025765000260028494200120031099900170032295201440033917511CO-ViMGA141112s2004 ck r 000 u spa d a8424619447 aCO-ViMGAbspacCO-ViMGA04aLUNp1 aLuna, Marta92482110aPoemas de Navidad aBarcelona (España), cLagalera, c1995 a24.p. aForma de adquisición : Premio - Mincultura14aNAVIDAD POESIAS92482214aPOESIA INFANTIL91029 2ddccBK c27026d27026 00102ddc40708008aMEVIECARbMEVIECARd2015-12-04hVolumen. 1 | 11/jun/2009l0oLUNp p17511r2022-10-13 00:00:00tEj. 1w2015-12-04yBK